| 000 | 00413nam a22001697a 4500 | ||
|---|---|---|---|
| 003 | NUST - PNEC | ||
| 005 | 20170116180829.0 | ||
| 008 | 150729b xxu||||| |||| 00| 0 eng d | ||
| 020 | _a9780534936242 | ||
| 040 | _cLIBRARY | ||
| 082 | _a515.15 CAL | ||
| 100 |
_94534 _aSwokowski, Earl W. |
||
| 245 |
_aCalculus _cEarl W. Swokowski |
||
| 250 | _a6th ed | ||
| 650 |
_94535 _aCalculus _xME / MIS |
||
| 942 |
_2ddc _cBK |
||
| 999 |
_c63974 _d63974 |
||